Top 50 actresses - Statistics

General Stats
  • This quiz has been taken 73 times
  • The average score is 20 of 50
Answer Stats
Hint Answer % Correct
36 Maryl Streep
89%
13 Emma Stone
66%
44 Sharon Stone
66%
2 Angelina Jolie
64%
28 Julia Roberts
64%
6 Bette Davis
63%
5 Audrey Hepburn
59%
31 Katharine Hepburn
59%
24 Jennifer Lawrence
58%
8 Cate Blanchett
55%
10 Demi Moore
55%
29 Julianne Moore
55%
40 Natalie Portman
55%
42 Sandra Bullock
53%
26 Jodie Foster
52%
30 Kate Winslet
52%
4 Anne Hathaway
50%
14 Emma Watson
50%
19 Halle Berry
50%
41 Nicole Kidman
50%
1 Amy Adams
47%
18 Gwineth Paltrow
44%
20 Helena Bonham Carter
41%
9 Charlize Theron
39%
35 Margot Robbie
39%
12 Emily Blunt
36%
17 Grace Kelly
36%
47 Sophia Loren
36%
50 Winona Ryder
36%
16 Frances MacDormand
34%
22 Ingrid Bergman
34%
11 Diane Keaton
33%
43 Scarlett Johannson
31%
32 Keira Knightley
30%
38 Michelle Williams
30%
49 Uma Thurman
28%
25 Jessica Chastain
25%
33 Kirsten Dunst
25%
46 Sigourney Weaver
25%
27 Judy Garland
23%
39 Naomi Watts
22%
21 Hilary Swank
20%
34 Laura Dern
20%
37 Michelle Pfeiffer
20%
48 Tilda Swinton
20%
23 Jamie Lee Curtis
19%
3 Anna Taylor Joy
9%
45 Shelley Duvall
6%
7 Carey Mulligan
5%
15 Florence Plugh
0%
No matching quizzes found
Score Distribution
Percent of People with Each Score
Percentile by Number Answered
Your Score History
You have not taken this quiz